[Event "Warsaw YMCA Summer-C 189th"]
[Site "Warsaw"]
[Date "2017.08.01"]
[Round "7"]
[White "Szopa, Andrzej"]
[Black "Wasilewski, Orhan"]
[Result "0-1"]
[WhiteElo "1079"]
[BlackElo "1350"]
[PlyCount "146"]
[EventDate "2017.07.04"]
[EventType "tourn"]
[EventRounds "10"]
[EventCountry "POL"]
[SourceTitle "EXT 2019"]
[Source "ChessBase"]
[SourceDate "2018.10.10"]
[SourceVersion "1"]
[SourceVersionDate "2018.10.10"]
[SourceQuality "1"]

1. e4 c5 2. Nf3 g6 3. d4 cxd4 4. Nxd4 Bg7 5. c3 Nc6 6. Nxc6 bxc6 7. Bc4 e6 8. 0-0 d5 9. exd5 cxd5 10. Bb5+ Bd7 11. Qa4 a6 12. Bxd7+ Qxd7 13. Qxd7+ Kxd7 14. Rd1 Rb8 15. Na3 Ne7 16. Nc4 Nc6 17. Rb1 Bxc3 18. Bf4 Bd4 19. Bxb8 Rxb8 20. Ne3 Bxb2 21. Nc4 Bf6 22. Rxb8 Nxb8 23. Na5 Bc3 24. Nb3 a5 25. Nc5+ Ke7 26. Rb1 Bb4 27. Nd3 Nc6 28. Kf1 Kd6 29. Nxb4 axb4 30. a3 bxa3 31. Ra1 f6 32. Rxa3 Nd4 33. Ra4 e5 34. Ra6+ Nc6 35. Ke2 Kc5 36. Kd2 e4 37. Ra8 d4 38. Rf8 f5 39. Rf7 h5 40. Rg7 Ne5 41. Rc7+ Kd6 42. Rc8 Ke6 43. Re8+ Kf6 44. h4 f4 45. Rf8+ Nf7 46. g3 fxg3 47. fxg3 Ke7 48. Rg8 Ne5 49. Ke2 Ke6 50. Rd8 Nf3 51. Re8+ Kf5 52. Rg8 Ne5 53. Re8 e3 54. Rf8+ Ke4 55. Re8 d3+ 56. Kf1 Kd4 57. Rd8+ Kc3 58. Re8 e2+ 59. Kf2 Ng4+ 60. Ke1 Nh2 61. Rc8+ Kd4 62. Rd8+ Ke3 63. Re8+ Kf3 64. Kd2 Kf2 65. Kxd3 e1Q 66. Rxe1 Kxe1 67. Ke3 Kf1 68. Kf4 Kg2 69. g4 Nxg4 70. Kg5 Kh3 71. Kxg6 Kxh4 72. Kf5 Kg3 73. Ke4 h4 0-1

[Event "Warsaw YMCA Summer-C 189th"]
[Site "Warsaw"]
[Date "2017.07.06"]
[Round "2"]
[White "Wasilewski, Orhan"]
[Black "Szopa, Andrzej"]
[Result "1-0"]
[WhiteElo "1350"]
[BlackElo "1079"]
[PlyCount "53"]
[EventDate "2017.07.04"]
[EventType "tourn"]
[EventRounds "10"]
[EventCountry "POL"]
[SourceTitle "EXT 2019"]
[Source "ChessBase"]
[SourceDate "2018.10.10"]
[SourceVersion "1"]
[SourceVersionDate "2018.10.10"]
[SourceQuality "1"]

1. e4 e5 2. d4 exd4 3. c3 dxc3 4. Nxc3 Bb4 5. Bc4 Qe7 6. Nge2 Qxe4 7. Bd5 Bxc3+ 8. bxc3 Qh4 9. Qb3 Nc6 10. Bxf7+ Kf8 11. Bd5 Qf6 12. 0-0 Nge7 13. Bf3 Rb8 14. Ng3 Ne5 15. Be4 g6 16. Be3 a6 17. Bd4 d6 18. f4 Bf5 19. fxe5 dxe5 20. Nxf5 gxf5 21. Bc5 f4 22. Rad1 b6 23. Rd7 Re8 24. Ba3 Kg7 25. Rxc7 Kh6 26. Bxe7 Rxe7 27. Rc6 1-0

[Event "Warsaw YMCA Spring-D 185th"]
[Site "Warsaw"]
[Date "2017.06.13"]
[Round "12"]
[White "Oles, Jan"]
[Black "Szopa, Andrzej"]
[Result "1-0"]
[WhiteElo "1249"]
[BlackElo "1145"]
[PlyCount "77"]
[EventDate "2017.04.06"]
[EventType "tourn"]
[EventRounds "13"]
[EventCountry "POL"]
[SourceTitle "EXT 2019"]
[Source "ChessBase"]
[SourceDate "2018.10.10"]
[SourceVersion "1"]
[SourceVersionDate "2018.10.10"]
[SourceQuality "1"]

1. e3 c5 2. c3 Nc6 3. d4 e6 4. Nf3 Nf6 5. Nbd2 Qc7 6. e4 cxd4 7. cxd4 Bb4 8. e5 Ne4 9. Bd3 Nxd2 10. Bxd2 Bxd2+ 11. Qxd2 d6 12. Qc2 g6 13. b4 Bd7 14. Qc3 a6 15. exd6 Qxd6 16. a3 Rc8 17. d5 Qxd5 18. Qxh8+ Ke7 19. Qc3 e5 20. 0-0 Nd4 21. Qd2 Nb3 22. Qg5+ f6 23. Qh6 Qxd3 24. Qxh7+ Ke8 25. Rad1 Qf5 26. Qg8+ Ke7 27. Qxb3 Bc6 28. Rd3 Be4 29. Re3 Rh8 30. Qc4 Bc6 31. Nd4 Qd7 32. Nxc6+ bxc6 33. Qxa6 Qc7 34. f4 Rh5 35. fxe5 fxe5 36. Qc4 Qb6 37. Rf7+ Kd8 38. Qd3+ Kc8 39. Qd7+ 1-0

[Event "Warsaw YMCA Winter-D 182nd"]
[Site "Warsaw"]
[Date "2017.02.02"]
[Round "7"]
[White "Szopa, Andrzej"]
[Black "Derylo, Kamil"]
[Result "0-1"]
[WhiteElo "1168"]
[BlackElo "1268"]
[PlyCount "42"]
[EventDate "2017.01.10"]
[EventType "tourn"]
[EventRounds "13"]
[EventCountry "POL"]
[SourceTitle "EXT 2019"]
[Source "ChessBase"]
[SourceDate "2018.10.10"]
[SourceVersion "1"]
[SourceVersionDate "2018.10.10"]
[SourceQuality "1"]

1. e4 c5 2. Nf3 d6 3. Bb5+ Bd7 4. a4 a6 5. Bxd7+ Nxd7 6. c4 Ngf6 7. Nc3 e6 8. d4 cxd4 9. Qxd4 Qb6 10. 0-0 Qxd4 11. Nxd4 Be7 12. f3 0-0 13. Nc2 Rac8 14. b3 d5 15. exd5 exd5 16. Re1 Rfe8 17. Nd4 dxc4 18. Nf5 Bc5+ 19. Be3 Bxe3+ 20. Nxe3 cxb3 21. Kf2 Rxc3 0-1

[Event "Warsaw YMCA Autumn-E 178th"]
[Site "Warsaw"]
[Date "2016.09.28"]
[Round "2"]
[White "Oles, Jan"]
[Black "Szopa, Andrzej"]
[Result "1-0"]
[WhiteElo "1208"]
[BlackElo "1163"]
[PlyCount "79"]
[EventDate "2016.09.19"]
[EventType "tourn"]
[EventRounds "13"]
[EventCountry "POL"]
[SourceTitle "EXT 2019"]
[Source "ChessBase"]
[SourceDate "2018.10.10"]
[SourceVersion "1"]
[SourceVersionDate "2018.10.10"]
[SourceQuality "1"]

1. c4 b5 2. c5 Nc6 3. e3 e5 4. d4 a6 5. d5 Na7 6. b4 d6 7. c6 Bf5 8. Nc3 Nc8 9. e4 Bg6 10. a4 Na7 11. Be3 Qb8 12. Bxa7 Rxa7 13. axb5 axb5 14. Rxa7 Qxa7 15. Nxb5 Qb8 16. Bd3 Be7 17. Qa4 Nf6 18. f3 0-0 19. Qa5 Ne8 20. Ne2 Bd8 21. 0-0 Qb6+ 22. Qxb6 cxb6 23. Rc1 Nc7 24. Nxd6 Bg5 25. Ra1 Be7 26. Nc4 b5 27. Nxe5 f6 28. Nxg6 hxg6 29. Nc3 Rb8 30. Ra7 Bd6 31. Rb7 Ra8 32. Nxb5 Ra1+ 33. Kf2 Ra2+ 34. Ke3 Nxb5 35. Bxb5 g5 36. c7 Bxc7 37. d6 Bxd6 38. Bc4+ Kh7 39. Bxa2 Bxh2 40. Kf2 1-0

[Event "Warsaw YMCA Spring-E 171th"]
[Site "Warsaw"]
[Date "2016.05.23"]
[Round "8"]
[White "Rejniak, Zuzanna"]
[Black "Szopa, Andrzej"]
[Result "1/2-1/2"]
[WhiteElo "1264"]
[BlackElo "1109"]
[PlyCount "69"]
[EventDate "2016.04.04"]
[EventType "tourn"]
[EventRounds "13"]
[EventCountry "POL"]
[SourceTitle "EXT 2019"]
[Source "ChessBase"]
[SourceDate "2018.10.10"]
[SourceVersion "1"]
[SourceVersionDate "2018.10.10"]
[SourceQuality "1"]

1. e4 e5 2. Nf3 Nc6 3. Bc4 Bc5 4. c3 d6 5. 0-0 Bg4 6. h3 Bh5 7. d3 h6 8. Be3 Bxe3 9. fxe3 Na5 10. Bb3 Nxb3 11. Qxb3 b6 12. Nbd2 Nf6 13. Qb5+ Qd7 14. Qxd7+ Nxd7 15. g4 Bg6 16. Nh4 Bh7 17. Nf5 Bxf5 18. Rxf5 Nc5 19. d4 g6 20. Rf3 Nd7 21. Raf1 f6 22. Kg2 Ke7 23. d5 Raf8 24. Nb3 h5 25. a4 hxg4 26. hxg4 Rh4 27. Rg3 Rfh8 28. Kf2 Kf7 29. Rfg1 Kg7 30. c4 Rh2+ 31. R3g2 R8h4 32. Kf3 R4h3+ 33. Kf2 Rh1 34. Rxh1 Rxh1 35. Rg1 1/2-1/2

[Event "Warsaw YMCA Spring-E 171th"]
[Site "Warsaw"]
[Date "2016.05.20"]
[Round "7"]
[White "Matyszkiewicz, Radoslaw"]
[Black "Szopa, Andrzej"]
[Result "1-0"]
[WhiteElo "1274"]
[BlackElo "1109"]
[PlyCount "111"]
[EventDate "2016.04.04"]
[EventType "tourn"]
[EventRounds "13"]
[EventCountry "POL"]
[SourceTitle "EXT 2019"]
[Source "ChessBase"]
[SourceDate "2018.10.10"]
[SourceVersion "1"]
[SourceVersionDate "2018.10.10"]
[SourceQuality "1"]

1. e4 e5 2. Nf3 Nc6 3. Bc4 Nf6 4. Ng5 d5 5. exd5 Nxd5 6. Nxf7 Kxf7 7. Qf3+ Qf6 8. Qxd5+ Be6 9. Qd7+ Be7 10. Bxe6+ Qxe6 11. Qxc7 b6 12. Qb7 Qc4 13. d3 Qxc2 14. 0-0 Rhd8 15. Nc3 Nd4 16. Bg5 Nf5 17. Nd5 Rdb8 18. Qd7 Qc8 19. Qxc8 Rxc8 20. Nxe7 Nxe7 21. Rfe1 Ng6 22. g3 Rc2 23. b3 Rac8 24. Red1 Re2 25. Rd2 Rc2 26. Rxe2 Rxe2 27. Kf1 Rc2 28. Ke1 Ke6 29. Bd2 Ne7 30. Kd1 Rc7 31. Rc1 Rxc1+ 32. Kxc1 Nc6 33. Bc3 b5 34. b4 g6 35. Kd2 Kf5 36. Ke3 g5 37. h3 h5 38. a3 g4 39. hxg4+ hxg4 40. f3 gxf3 41. Kxf3 Ke6 42. Ke4 Kf6 43. g4 Ke6 44. g5 Kd6 45. g6 Ke6 46. g7 Kf7 47. Bxe5 Ne7 48. d4 Ke6 49. d5+ Kd7 50. d6 Ng8 51. Kf5 Ke8 52. Ke6 a6 53. d7+ Kd8 54. Bf6+ Nxf6 55. Kxf6 Kxd7 56. g8Q 1-0

[Event "Warsaw YMCA Spring-E 171th"]
[Site "Warsaw"]
[Date "2016.05.09"]
[Round "6"]
[White "Szopa, Andrzej"]
[Black "Markiewicz, Janusz"]
[Result "0-1"]
[WhiteElo "1109"]
[BlackElo "1303"]
[PlyCount "126"]
[EventDate "2016.04.04"]
[EventType "tourn"]
[EventRounds "13"]
[EventCountry "POL"]
[SourceTitle "EXT 2019"]
[Source "ChessBase"]
[SourceDate "2018.10.10"]
[SourceVersion "1"]
[SourceVersionDate "2018.10.10"]
[SourceQuality "1"]

1. c4 e5 2. Nc3 Bc5 3. e3 Nf6 4. g3 c6 5. Bg2 Qe7 6. Nge2 d6 7. Na4 d5 8. Nxc5 Qxc5 9. cxd5 Nxd5 10. Qb3 Nb4 11. Be4 Be6 12. Qc3 Qd6 13. a3 Nd5 14. Bxd5 Qxd5 15. Rg1 0-0 16. b4 Bg4 17. d4 Bxe2 18. Kxe2 exd4 19. Qxd4 Qh5+ 20. Ke1 Na6 21. Bb2 Qg6 22. Rd1 Nc7 23. Qd7 Ne6 24. Qxb7 Ng5 25. Rg2 Qe4 26. Kf1 Nf3 27. Qd7 Qc2 28. Bxg7 Qc4+ 29. Qd3 Qxd3+ 30. Rxd3 Kxg7 31. Ke2 Ne5 32. Rc3 Rac8 33. f4 Nd7 34. Kf3 a6 35. Rgc2 Nb8 36. a4 Rfd8 37. b5 axb5 38. axb5 Rd6 39. b6 Rd7 40. Rb2 Rb7 41. Ke4 Nd7 42. Rd3 Rxb6 43. Rbd2 Nc5+ 44. Kf3 Nxd3 45. Rxd3 Rb5 46. e4 c5 47. Ke3 Rcb8 48. Rc3 Rb3 49. Kd3 Rxc3+ 50. Kxc3 Rb4 51. e5 Kg6 52. h3 Kf5 53. Kd3 Rd4+ 54. Ke3 Rd8 55. g4+ Ke6 56. Ke4 c4 57. f5+ Ke7 58. g5 c3 59. h4 c2 60. h5 c1Q 61. g6 Qc4+ 62. Ke3 Rd3+ 63. Ke2 Qc2+ 0-1

[Event "POL-chT Region"]
[Site "Poland"]
[Date "1999.??.??"]
[Round "?"]
[White "Kaminski, Jacek"]
[Black "Szopa, Andrzej"]
[Result "1-0"]
[WhiteElo "2121"]
[BlackElo "2056"]
[PlyCount "114"]
[EventDate "1999.??.??"]
[EventType "team"]
[EventRounds "13"]
[EventCountry "POL"]
[SourceTitle "EXT 2002"]
[Source "ChessBase"]
[SourceDate "2001.11.25"]
[SourceVersion "1"]
[SourceVersionDate "2001.11.25"]
[SourceQuality "1"]

1. Nf3 Nf6 2. g3 b6 3. Bg2 Bb7 4. 0-0 e6 5. c4 Be7 6. b3 0-0 7. Bb2 d5 8. Qc2 c5 9. cxd5 Nxd5 10. a3 Nc6 11. d3 Bf6 12. Nbd2 Bxb2 13. Qxb2 Rc8 14. Rfc1 Rc7 15. Rc4 a5 16. Rac1 Rd7 17. Ne4 Qe7 18. Ne5 Nxe5 19. Qxe5 Rfd8 20. Qh5 h6 21. Qe5 Ba6 22. R4c2 Bb7 23. Bf3 Ba6 24. Nd2 Qf6 25. Qxf6 Nxf6 26. Nc4 Rb8 27. a4 Nd5 28. Ne5 Rd6 29. Bxd5 exd5 30. d4 cxd4 31. Nc6 Re8 32. Nxd4 g6 33. e3 Re7 34. Rc6 Red7 35. f3 Kg7 36. Kf2 Kf6 37. Ke1 Ke7 38. Kd2 Bb7 39. R6c3 Kd8 40. h4 h5 41. f4 Ke7 42. Rg1 Kf6 43. Rgc1 Ke7 44. Nb5 Rf6 45. Rc7 Ba6 46. Rxd7+ Kxd7 47. Rc7+ Kd8 48. Ra7 Bc8 49. Nd4 Bd7 50. Kd3 Rd6 51. Nf3 f6 52. Nd4 Ke7 53. f5 g5 54. Ra8 Be8 55. Rb8 gxh4 56. gxh4 Bf7 57. Rb7+ Kf8 1-0

[Event "POL-chT Region"]
[Site "Poland"]
[Date "1999.??.??"]
[Round "?"]
[White "Moroz, Henryk"]
[Black "Szopa, Andrzej"]
[Result "1/2-1/2"]
[WhiteElo "2102"]
[BlackElo "2056"]
[PlyCount "61"]
[EventDate "1999.??.??"]
[EventType "team"]
[EventRounds "13"]
[EventCountry "POL"]
[SourceTitle "EXT 2002"]
[Source "ChessBase"]
[SourceDate "2001.11.25"]
[SourceVersion "1"]
[SourceVersionDate "2001.11.25"]
[SourceQuality "1"]

1. c4 e6 2. g3 d5 3. Bg2 Nf6 4. Nf3 Be7 5. 0-0 0-0 6. d4 Ne4 7. Nbd2 f5 8. Qc2 Nd7 9. Ne5 Nxe5 10. dxe5 b6 11. Rd1 Nxd2 12. Rxd2 c6 13. e4 fxe4 14. Bxe4 h6 15. Bh7+ Kh8 16. Bg6 Bb7 17. Qd1 Bc5 18. h4 Qe7 19. Kg2 a5 20. Qh5 dxc4 21. Be4 Qf7 22. Bg6 Qe7 23. Re2 Bd4 24. Bf4 c5+ 25. Kh2 Rad8 26. Bg5 Qd7 27. f4 Ra8 28. Bc2 Qf7 29. Bg6 Qd7 30. Bc2 Qf7 31. Bg6 1/2-1/2

[Event "POL-chT disctrict"]
[Site "Slask"]
[Date "1996.??.??"]
[Round "?"]
[White "Kozaczuk, Witold"]
[Black "Szopa, Andrzej"]
[Result "1-0"]
[WhiteElo "2000"]
[BlackElo "1970"]
[PlyCount "110"]
[EventDate "1996.??.??"]
[EventType "team"]
[EventRounds "12"]
[EventCountry "POL"]
[SourceTitle "EXT 2001"]
[Source "ChessBase"]
[SourceDate "2000.11.22"]
[SourceVersion "1"]
[SourceVersionDate "2000.11.22"]
[SourceQuality "1"]

1. d4 Nf6 2. c4 e6 3. Nc3 Bb4 4. Bg5 h6 5. Bh4 c5 6. d5 Bxc3+ 7. bxc3 d6 8. e3 e5 9. f3 Nbd7 10. Bd3 Qe7 11. Qc2 g5 12. Bg3 Nh5 13. Bf2 Ndf6 14. Ne2 Bd7 15. 0-0-0 0-0-0 16. g4 e4 17. gxh5 exd3 18. Qxd3 Nxh5 19. Ng3 Ng7 20. e4 b6 21. Rdg1 f6 22. Nf1 f5 23. h4 fxe4 24. Qxe4 Qf6 25. Kb2 Bf5 26. Qe3 Rhe8 27. hxg5 hxg5 28. Qd2 Re7 29. Rxg5 Rde8 30. Ng3 b5 31. cxb5 Rb7 32. a4 a6 33. Nxf5 Nxf5 34. Re1 Rxe1 35. Rg8+ Kc7 36. Qxe1 Qf7 37. Qe6 Qxe6 38. dxe6 axb5 39. axb5 Rxb5+ 40. Kc2 c4 41. Bd4 Ra5 42. Rf8 Rd5 43. Bf6 Ne3+ 44. Kc1 Rd1+ 45. Kb2 Rd2+ 46. Ka3 Nc2+ 47. Ka4 Rd1 48. Kb5 Ne3 49. e7 Rb1+ 50. Ka4 Ra1+ 51. Kb4 Rb1+ 52. Ka3 Rb3+ 53. Ka4 Nd5 54. Bd4 Rb1 55. e8N+ Kd7 1-0